000 00317nam a22001217a 4500
008 180517b xxu||||| |||| 00| 0 eng d
041 _aeng
080 _a043.3
100 _a0
101 _aSHKI-BA
245 _aDizajnimi dhe krijimi i Sistemit per Menaxhimin e Sektorit te Mbeturinave
_cBakija, B
942 _2udc
_cBK
999 _c45902
_d45902